আধুনিকতাবাদ ও উত্তর-আধুনিকতাবাদের তত্ত্ব / (Record no. 2158)
[ view plain ]
| 000 -LEADER | |
|---|---|
| fixed length control field | 01079nam a2200253 a 4500 |
| 003 - CONTROL NUMBER IDENTIFIER | |
| control field | BD-DhJNU |
| 005 - DATE AND TIME OF LATEST TRANSACTION | |
| control field | 20250923070900.0 |
| 008 - FIXED-LENGTH DATA ELEMENTS--GENERAL INFORMATION | |
| fixed length control field | 240708s2024 bg |||g |||| 000 1|ben|d |
| 020 ## - INTERNATIONAL STANDARD BOOK NUMBER | |
| International Standard Book Number | 9789845065528 |
| 040 ## - CATALOGING SOURCE | |
| Original cataloging agency | BD-DhJNU |
| Language of cataloging | ben |
| Transcribing agency | BD-DhJNU |
| Modifying agency | BD-DhJNU |
| 041 ## - LANGUAGE CODE | |
| Language code of text/sound track or separate title | ben |
| 082 ## - DEWEY DECIMAL CLASSIFICATION NUMBER | |
| Classification number | 801.95 ADH |
| Edition number | 23 |
| 245 10 - TITLE STATEMENT | |
| Title | আধুনিকতাবাদ ও উত্তর-আধুনিকতাবাদের তত্ত্ব / |
| Statement of responsibility, etc. | খুরশিদ আলম (সম্পাদক) |
| 246 ## - VARYING FORM OF TITLE | |
| Title proper/short title | adhunikatabad o uttor-adhunikatabader tottho. |
| 250 ## - EDITION STATEMENT | |
| Edition statement | 1st ed. |
| 260 ## - PUBLICATION, DISTRIBUTION, ETC. | |
| Place of publication, distribution, etc. | ঢাকা : |
| Name of publisher, distributor, etc. | দি ইউনিভার্সিটি প্রেস লিমিটেড, |
| Date of publication, distribution, etc. | 2024. |
| 300 ## - PHYSICAL DESCRIPTION | |
| Extent | ৪৯৮ পৃ. : |
| Other physical details | চিত্র ; |
| Dimensions | ২১ সেমি.। |
| 504 ## - BIBLIOGRAPHY, ETC. NOTE | |
| Bibliography, etc. note | নিঘন্ট অন্তভূক্ত |
| 650 ## - SUBJECT ADDED ENTRY--TOPICAL TERM | |
| Topical term or geographic name entry element | আধুনিকতাবাদ |
| 650 ## - SUBJECT ADDED ENTRY--TOPICAL TERM | |
| Topical term or geographic name entry element | Modernism |
| 650 ## - SUBJECT ADDED ENTRY--TOPICAL TERM | |
| Topical term or geographic name entry element | Postmodernism (উত্তর-আধুনিকতাবাদ) |
| 700 a# - ADDED ENTRY--PERSONAL NAME | |
| Personal name | আলম, খুরশিদ |
| Relator term | সম্পাদক |
| 942 ## - ADDED ENTRY ELEMENTS (KOHA) | |
| Koha item type | Books |
| Withdrawn status | Lost status | Source of classification or shelving scheme | Damaged status | Not for loan | Collection | Home library | Current library | Shelving location | Date acquired | Source of acquisition | Total checkouts | Full call number | Barcode | Date last seen | Copy number | Price effective from | Koha item type |
|---|---|---|---|---|---|---|---|---|---|---|---|---|---|---|---|---|---|
| Dewey Decimal Classification | Non-fiction | Jagannath University Central Library | Jagannath University Central Library | General stacks | 09/23/2025 | Purchased | 801.95 ADH | JNUCL35803 | 09/23/2025 | 1 | 09/23/2025 | Books |